बौध्दिक चाचण्या. (Record no. 265035)

MARC details
000 -LEADER
fixed length control field 00665nam a2200181Ia 4500
008 - FIXED-LENGTH DATA ELEMENTS--GENERAL INFORMATION
fixed length control field 090630s9999 xx 000 0 und d
082 ## - DEWEY DECIMAL CLASSIFICATION NUMBER
Item number 13179
100 ## - MAIN ENTRY--PERSONAL NAME
Personal name चंपानेरकर मनोहर.
245 ## - TITLE STATEMENT
Title बौध्दिक चाचण्या.
Statement of responsibility, etc चंपानेरकर मनोहर.
260 ## - PUBLICATION, DISTRIBUTION, ETC. (IMPRINT)
Name of publisher, distributor, etc जयदीप.
Date of publication, distribution, etc 1991
300 ## - PHYSICAL DESCRIPTION
Extent 46
600 ## - SUBJECT ADDED ENTRY--PERSONAL NAME
Personal name चंपानेरकर मनोहर.
630 ## - SUBJECT ADDED ENTRY--UNIFORM TITLE
Uniform title बौध्दिक चाचण्या.
655 ## - INDEX TERM--GENRE/FORM
Genre/form data or focus term बालवाङमय.
700 ## - ADDED ENTRY--PERSONAL NAME
Personal name चंपानेरकर मनोहर.
730 ## - ADDED ENTRY--UNIFORM TITLE
Uniform title बौध्दिक चाचण्या.
942 ## - ADDED ENTRY ELEMENTS (KOHA)
Koha item type Book
Holdings
Withdrawn status Lost status Damaged status Not for loan Home library Current library Date acquired Cost, normal purchase price Total Checkouts Full call number Barcode Date last seen Cost, replacement price Price effective from Koha item type
        Sarvajanik Wachanalaya Shrivardhan Sarvajanik Wachanalaya Shrivardhan   12.00   13179 SAWASHRI-13179 06/30/2009 12.00 06/30/2009 Book